"Research in the sociology of healthcare Vol 29 Kronenfeld (Jennie Jacobd) ed. Acess to care and factors that impact access, patients as partners in care and changing roles of health providers" (Record no. 693617)

MARC details
000 -LEADER
fixed length control field 00821nam a2200229Ia 4500
003 - CONTROL NUMBER IDENTIFIER
control field OSt
005 - DATE AND TIME OF LATEST TRANSACTION
control field 20220927105640.0
008 - FIXED-LENGTH DATA ELEMENTS--GENERAL INFORMATION
fixed length control field 220926b |||||||| |||| 00| 0 eng d
037 ## - SOURCE OF ACQUISITION
Terms of availability Reference Collections
040 ## - CATALOGING SOURCE
Original cataloging agency RTL
Transcribing agency RTL
Language of cataloging eng
041 ## - LANGUAGE CODE
Source of code eng
Language code of text/sound track or separate title eng
100 ## - MAIN ENTRY--PERSONAL NAME
Personal name KRONENFELD Jennie Jacobs
9 (RLIN) 373920
245 #0 - TITLE STATEMENT
Title "Research in the sociology of healthcare Vol 29 Kronenfeld (Jennie Jacobd) ed. Acess to care and factors that impact access, patients as partners in care and changing roles of health providers"
260 ## - PUBLICATION, DISTRIBUTION, ETC.
Place of publication, distribution, etc. UK
Name of publisher, distributor, etc. Emrald
Date of publication, distribution, etc. 2011
300 ## - PHYSICAL DESCRIPTION
Extent "xi,297p."
Dimensions cm.
942 ## - ADDED ENTRY ELEMENTS (KOHA)
Classification part "Y9(L:5)n1,N80, Q1/RR"
Koha item type
Holdings
Withdrawn status Lost status Damaged status Not for loan Home library Current library Date acquired Total Checkouts Full call number Barcode Date last seen Price effective from Koha item type
        Ratan Tata Library Ratan Tata Library 2022-09-27   "Y9(L:5)n1,N80 Q1/RR" RT1493414 2022-09-27 2022-09-27  
Copyright @ Delhi University Library System